[Event "RUS-ch51"]
[Site "St Petersburg"]
[Date "1998.08.06"]
[Round "10"]
[White "Burmakin, Vladimir"]
[Black "Khalifman, Alexander"]
[Result "0-1"]
[WhiteElo "2560"]
[BlackElo "2645"]
[Annotator "Stohl,I"]
[PlyCount "98"]
[EventDate "1998.07.28"]
[EventType "swiss"]
[EventRounds "11"]
[EventCountry "RUS"]
[SourceTitle "CBM 067"]
[Source "ChessBase"]
[SourceDate "1998.11.30"]
[SourceVersion "2"]
[SourceVersionDate "1998.11.01"]
[SourceQuality "1"]

1. d4 Nf6 2. c4 g6 3. g3 c5 4. d5 b5 5. cxb5 a6 6. bxa6 Bg7 7. Bg2 d6 8. Nc3
Bxa6 9. Nf3 Nbd7 (9... O-O $6 {is a weaker move, as White gets in the
important Qc2 and his R can go directly to d1.} 10. O-O Nbd7 11. Qc2 Nb6 (11...
Qa5 12. Rd1 Rfb8 13. b3 Ng4 14. Bb2 Qb4 15. h3 Nge5 16. Nd2 c4 17. f4 Nd3 18.
exd3 cxd3 19. Qc1 Rc8 20. Ndb1 Rc7 21. Qd2 Nb6 22. Na4 Qd4+ 23. Bxd4 Bxd4+ 24.
Kh2 Nxa4 25. Na3 Bxa1 26. Rxa1 Nb6 27. Qe3 Rb8 28. Rc1 $18 {Van Wely,L-Kogan,A/
Antwerpen op/1998/}) 12. Rd1 Ra7 13. h3 Qa8 14. e4 Rb8 15. Rb1 Ne8 16. b3 Nd7
17. Bf4 Bxc3 18. Qxc3 Be2 19. Re1 Rxa2 20. Nd2 Qa6 21. Ra1 Rxa1 22. Rxa1 Qb6
23. e5 dxe5 24. Bxe5 Nxe5 25. Qxe5 Qf6 26. Qxb8 Qxa1+ 27. Kh2 Kf8 28. Ne4 $40 {
Van Wely,L-Verdier,P/FRA-chT Mulhouse/1998/}) 10. O-O Nb6 11. Nd2 {[%csl Gd5]
[%cal Yd1c2,Yf1d1,Yd2f1,Yf1e3] A rare move, the idea is to give Pd5 extra
protection, even possibly by Qc2,Rd1,Nf1-e3.} ({Lyrberg has been experimenting
lately (not too successfully) with a similar idea} 11. Ne1 {[%cal Re1c2,Rc2e3]
/\Nc2-e3} Nc4 $5 (11... O-O 12. Nc2 Nfd7 13. Ne3 Ne5 14. Qc2 Nbc4 15. b3 Nxe3
16. Bxe3 Qc7 17. Rab1 Rfb8 18. Bd2 Bc8 19. a4 Qd8 20. Rfc1 Bf5 21. Be4 Bxe4 22.
Nxe4 Qd7 23. Bc3 Qf5 24. Nd2 Qh5 25. Bxe5 Qxe5 26. Qd3 Rb4 27. Rc4 $14 {
Lyrberg,P-Antonsen,M/Copenhagen KS op/1998/}) 12. Nd3 $6 (12. Nc2 $142 Qa5 13.
a3 $5) 12... Nd7 13. Qc2 O-O 14. a4 Qa5 15. Ra2 Rfb8 16. Ne4 Nde5 17. Nxe5 Nxe5
18. Bd2 Qb6 19. Bc3 Bc4 20. a5 Qb5 21. Raa1 Bxe2 22. Rfe1 Bd3 $36 {1/2,Lyrberg,
P-Lonborg,M/Copenhagen KS op/1998/}) ({The crucial line for the evaluation of
the White setup is still probably} 11. Re1 O-O 12. Bf4 Nh5 (12... Ra7 $6 13. h3
Qa8 14. e4 Nfd7 15. Qc1 Bc4 16. Bh6 Bxh6 17. Qxh6 f6 18. h4 Ne5 19. Nxe5 fxe5
20. Bh3 Rf6 21. h5 Na4 22. Nd1 Nb6 23. hxg6 Rxg6 24. Qh4 Qf8 25. Ne3 $40 {
Van Wely,L-Van der Weide,K/Rotterdam NLD-ch/1998/}) 13. Bg5 h6 14. Bc1 Nf6 15.
Nd2 $5 (15. Rb1 Bc4 16. e4 Bxa2 17. Nxa2 Rxa2 18. e5 Nfxd5 19. e6 Ra4 20. Nh4
Rd4 21. exf7+ Rxf7 22. Qc2 g5 23. Nf5 Rc4 24. Qxc4 Nxc4 25. Bxd5 Ne5 $13 {
Van der Sterren,P-Hertneck,G/BL9495/1995/}) 15... Qc7 16. Nf1 (16. Rb1 Qb7 17.
Nde4 Nxe4 18. Bxe4 Bc4 19. a3 Nd7 20. Bd2 Nf6 21. Bg2 Qb3 $44 {Servat,
R-Matamoros Franco,C/Capablanca mem-B/1994/}) 16... Rfb8 17. Qc2 Ng4 18. h3 Ne5
19. b3 c4 20. Bd2 Qc5 21. Rac1 Bb7 22. Ne3 cxb3 23. axb3 Rc8 24. Qb1 $16 {
Obukhov,A-Poluljahov,A/RSFSR-ch/1990/}) 11... O-O 12. Qc2 ({Too artificial is} 
12. Ndb1 Ra7 13. a4 Qd7 14. b3 Rb8 15. Ra2 Ne8 16. Qc2 Nc7 17. Rd1 Bb7 18. Ra3
Raa8 19. e4 Na6 20. Bf1 Nb4 21. Qd2 Qg4 22. Be2 Qh3 23. Bf1 Qh5 24. Be2 Qe5 25.
Bb2 f5 26. a5 Nd7 27. Re1 Qd4 28. Qc1 Ne5 $17 {Arbakov,V-Baklan,V/Bad Zwesten
op/1998/}) 12... Bb7 $1 {In these positions it's usually advantageous for
Black to force e4 evenif it costs a tempo, as this advance weakens d3,d4 and
gives more possibilities for counterplay.} ({The main alternative is} 12... Ra7
13. Rd1 Qa8 14. Nf1 Bb7 (14... Nfd7 15. Ne3 Rc8 16. Bd2 Bb7 17. b3 c4 18. b4
Ra3 19. h4 Qa6 20. Rdb1 Nf6 21. Qc1 Ne8 22. Ned1 Nc7 23. e4 e6 24. dxe6 fxe6
25. Bh6 Bh8 26. h5 Nd7 27. b5 Qa5 28. Bd2 $16 {Zagorskis,D-De Vreugt,D/
Groningen op/1996/}) 15. e4 Na4 16. Ne3 $1 (16. Nxa4 Rxa4 17. b3 Rxe4 $1 18.
Bxe4 Nxe4 19. Bb2 Bxb2 20. Qxb2 Bxd5 21. h4 Bb7 $44 {[%cal Ra8h1] גa8-h1,
Rechlis,G-Mikac,M/Ostrava/1991/}) 16... Nxc3 17. bxc3 Ra4 18. Bd2 (18. a3 $5
$14) 18... Bc8 19. h3 Nd7 20. Bf1 Ne5 21. Be2 Ba6 22. c4 Ra3 23. Kg2 Nd7 24. h4
Bc8 25. h5 Qa4 26. hxg6 hxg6 27. Rac1 $11 {1/2,Ivanchuk,V-Illescas Cordoba,M/
Moscow olm/1994/}) 13. e4 $8 {[%csl Rd3,Rd4] ><d3,d4} Ba6 14. Rd1 Nfd7 $6 $146
({Decidedly better is} 14... Ng4 $142 $5 15. Nf3 (15. Nb3 $6 Qc7 16. Bf4 Rfb8
17. Rab1 Ne5 18. Bf1 Nf3+ 19. Kh1 Nd4 20. Qd2 Nxb3 21. axb3 Bxf1 22. Rxf1 Nd7
23. Qc2 Ra6 24. Ra1 Rab6 $36 {Pacheco,J-Litvinchuk,J/WchJ Gausdal/1986/}) 15...
Nc4 16. h3 Nge5 17. Nxe5 Nxe5 18. Bf4 (18. b3 Qa5 19. Bb2 c4 20. Na4 Rfb8 21.
f4 Nd3 22. Bxg7 Kxg7 23. bxc4 Nc5 24. Nxc5 Qxc5+ 25. Kh2 Qxc4 26. Qd2 Rb4 27.
Rac1 Qb5 $44 {Ginting,N-Ernst,T/Gausdal AC/1992/}) 18... Qa5 19. Bxe5 Bxe5 20.
Bf1 Rfb8 21. Bxa6 Rxa6 22. Rdc1 Qb4 23. Qe2 Rab6 24. Rc2 Qa5 25. Rd1 Kg7 26.
Kg2 R8b7 27. Rd3 Rb4 $132 {Granda Zuniga,J-Vescovi,G/Sao Paulo zt/1995/}) 15.
b3 (15. Nf3 Nc4 $44 {/\} 16. b3 Qa5 $1 $17) 15... Ne5 16. Nf3 Nbd7 17. Bb2 Qa5
18. Nxe5 Nxe5 19. Na4 $14 {Compared to Ginting-Ernst White has spared a tempo
on h3. Nevertheless Black still has some counterplay.} c4 $5 20. Bc3 Qc7 21.
Bd4 $1 (21. b4 $6 Bb5 22. Nb2 Ra3 $1 23. Kh1 Rxc3 24. Qxc3 Nd3 25. Rxd3 Bxc3
26. Rxc3 Qb6 $36) 21... Rab8 $2 (21... Qb7 $142 $14) 22. Qc3 Rfc8 ({As the
"correct"} 22... Bf6 23. f4 Nd7 (23... Nd3 $2 24. Bxf6 exf6 25. Rxd3 $18) 24.
Nb2 Rfc8 25. Rac1 $18 {is hopeless, Khalifman decides to go for broke.}) 23. f4
$1 {Objectively the best, but leads to a tactical skirmish, in which White
gets lost in the end. A safe and good alternative was} (23. b4 $5 Bf6 24. Bh3 {
[%cal Yf2f4,Ya4b2] /\Nb2,f4+/-}) 23... cxb3 $8 24. Qxc7 Rxc7 25. fxe5 b2 $1 {[]
} (25... dxe5 $2 26. Bb6 Rcb7 27. axb3 Rxb6 28. Nxb6 Rxb6 29. Rdc1 Bh6 30. Rc6
$18) 26. Rab1 (26. Nxb2 dxe5 27. Be3 Rxb2 28. Rdb1 $11) (26. Bxb2 Rb4 27. exd6
exd6 28. Bxg7 Kxg7 29. Rac1 (29. e5 $143 Rxa4 30. exd6 Rd7 $14) 29... Rxc1 30.
Rxc1 Rxa4 31. Rc6 Rxa2 32. Rxd6 Bc4 (32... Ra1+ 33. Kf2 Ra2+ 34. Ke3 Rxg2 35.
Rxa6 Rxh2 36. d6 $1 Kf6 37. Ra8 Ke6 38. e5 $18) 33. Rc6 $16) 26... Rb4 27. exd6
$2 ({It's a mystery what White didn't like after the simple} 27. Nxb2 $1 Rc2 (
27... dxe5 28. Be3 Rcb7 29. Rd2 $18) 28. a3 Rb3 29. Rdc1 Rxc1+ 30. Rxc1 dxe5
31. Bc3 Bh6 32. Rc2 Be3+ 33. Kh1 Rxa3 34. Nd1 $18) 27... Bxd4+ 28. Rxd4 $8 (28.
Kh1 exd6 $19) 28... Rc1+ $8 (28... Rxd4 $2 29. dxc7 Rxa4 30. Rxb2 $18) 29. Kf2
Rxd4 30. d7 Rxb1 31. d8=Q+ Kg7 $36 32. Qxe7 $1 {Now White must already fight
for a draw.} (32. Qb6 Rxa4 $19) (32. Nc5 $5 {[%cal Rc5e6] /\Ne6=}) 32... Rd2+ (
32... Rxa4 33. Qe5+ $11) (32... Rf1+ 33. Bxf1 b1=Q 34. Qe5+ Kg8 35. Qe8+ $11 (
35. Qxd4 $4 Qxf1+ 36. Ke3 Qg1+ $19)) 33. Kf3 Rf1+ 34. Bxf1 b1=Q 35. Qe5+ Kg8
36. Qe8+ Kg7 37. Bxa6 $2 {This final mistake loses. Necessary was to give a
perpetual} (37. Qe5+ Kf8 (37... Kh6 38. Qf4+) (37... f6 38. Qe7+ Kh6 $2 39.
Qf8+ Kh5 40. g4+ Kg5 41. h4+ Kxh4 42. Qh6#) 38. Qh8+ Ke7 39. Qe5+ $11) 37...
Qd1+ 38. Kf4 (38. Ke3 Qe1+ 39. Kf4 Qf2+ 40. Kg4 h5+ $19) 38... Rf2+ (38... g5+
$142 $1 39. Kxg5 (39. Ke5 Rxd5+ $1 40. exd5 Qe1+ $19) 39... f6+ 40. Kf5 $8 (40.
Kf4 Rf2+ 41. Ke3 Qd2#) 40... Qf3+ 41. Ke6 Qxe4+ $19) 39. Ke5 Qa1+ (39... Rf6 $6
40. Qb5 $1 (40. Nc3 Qd2 41. Nb5 Re6+ $1 42. dxe6 f6#) 40... Qa1+ (40... Qd2 41.
Qd3 $16) 41. Qb2 Qxb2+ 42. Nxb2 Rxa6 43. a4 $36) 40. Kd6 Qf6+ 41. Kd7 Qxa6 42.
Qe5+ Kg8 43. Qe8+ Kg7 44. Qe5+ Kh6 $19 {[%csl Rd7] -> Now Black can avoid the
perpetual and has a winning attack against the exposed K.} 45. Nc3 Rb2 46. Qf4+
Kg7 47. Qe5+ f6 48. Qe7+ Kh6 49. d6 (49. Qf8+ Kh5 50. Qc5 (50. Qd8 Rb7+ 51. Ke8
Qa7 $1 {[%cal Rb7b8] /\Rb8-+}) 50... Rb7+ 51. Kd8 Qa8+ 52. Qc8 Rb8 $19) 49...
Rb8 $1 {[%cal Ra6c8] /\Qc8#} (49... Rb8 50. Ke6 Qc4+ 51. Kxf6 (51. Nd5 Qxe4+
$19) 51... Qxc3+ 52. e5 Qf3+ 53. Ke6 Qg4+ 54. Kd5 (54. Kf7 Qf5+ 55. Qf6 Rb7+)
54... Rb5+ 55. Kc6 Qc4+ $19) 0-1

[Event "RUS-Cup final"]
[Site "Samara"]
[Date "1998.08.31"]
[Round "3"]
[White "Khalifman, Alexander"]
[Black "Filippov, Valerij"]
[Result "1-0"]
[WhiteElo "2645"]
[BlackElo "2595"]
[Annotator "Ribli,Z"]
[PlyCount "121"]
[EventDate "1998.08.??"]
[EventType "tourn"]
[EventRounds "11"]
[EventCountry "RUS"]
[SourceTitle "CBM 067"]
[Source "ChessBase"]
[SourceDate "1998.11.30"]
[SourceVersion "2"]
[SourceVersionDate "1998.11.01"]
[SourceQuality "1"]

1. d4 Nf6 2. c4 e6 3. Nf3 d5 4. Nc3 Bb4 {Der sogenannte Ragosin-Aufbau des
Damengambits ist eigentlich eine Mischung aus Damengambit und Nimzo-Indischer
Verteidigung. Schwarz möchte seinen Läufer auf c3 tauschen, um starke
Kontrolle über die weißen Felder zu erlangen. Ribli.} 5. Bg5 (5. cxd5 exd5 6.
Bg5 {Das ist eine mögliche Zugfolge, wenn Weiß Angst vor der Wiener Variante
hat.}) 5... Nbd7 (5... dxc4 6. e4 {Das ist die Grundstellung der Wiener
Variante. Weiß bekommt Entwicklungsvorteil und Zentrumsübergewicht, aber
Schwarz hat taktische Gegenchancen.}) 6. Qa4 {Eine heutzutage selten gespielte
Fortsetzung. Ihre Alternativen sind 7.Rc1, 7.e3 oder 7.cxd5.} c5 (6... Bxc3+ 7.
bxc3 O-O 8. c5 h6 9. Bh4 g5 10. Bg3 Ne4 11. Nd2 Nxd2 12. Kxd2 f5 13. f3 e5 14.
Bxe5 Nxe5 15. dxe5 Qe7 16. h4 Bd7 17. Qd4 b6 $13 {1/2-1/2 Kelecevic,N-Blatny,P/
AUT-chT 1991 (37)}) 7. cxd5 exd5 8. dxc5 (8. a3 $6 Bxc3+ 9. bxc3 O-O 10. dxc5
Nxc5 11. Qd4 Nce4 $15 {[%csl Rc3,Ge4]}) 8... Qa5 (8... Bxc3+ $5 {Ich empfehle
diese Fortsetzung. Es ist zwar nicht klar, wie Schwarz den Bauern
zurückgewinnen kann, aber die weiße Bauernstruktur wird geschwächt.} 9. bxc3
O-O 10. Qb4 (10. e3 Nxc5 11. Qd4 Nce4 12. Be2 Nxg5 13. Nxg5 Qc7 14. O-O h6 15.
Nf3 Be6 16. Rfc1 Rfc8 17. Nd2 Qe7 18. Qb4 Kf8 19. Qxe7+ Kxe7 20. c4 dxc4 21.
Bxc4 Bxc4 22. Nxc4 Rc5 23. Nd2 Rac8 24. Nb3 Rxc1+ 25. Rxc1 Rxc1+ 26. Nxc1 Kd6
$11 {1-0 Bozinovic,B-Dizdar,G/Makarska 1994 (61)}) (10. Qd4 Qa5 11. Nd2 Re8 12.
Nb3 Qc7 13. Bxf6 Nxf6 14. e3 Bd7 15. Bd3 Rac8 16. h3 a5 17. a4 Ne4 18. Qxd5 Re5
19. Qd4 Nxc5 20. Nxc5 Rxc5 21. O-O Rxc3 22. Rfd1 Be6 {0-1 Bayer,E-Heyken,E/
BL9091 (53)}) 10... h6 (10... Re8 11. e3 Qc7 12. Bb5 Re4 13. Qa3 Qxc5 14. Qxc5
Nxc5 15. Bxf6 gxf6 16. Nd4 a6 17. Be2 Bd7 18. Kd2 {1/2-1/2 Horvath,G-Sarosi,Z/
HUNtt 1996 (18)}) 11. Be3 Ne4 12. Rd1 a5 13. Qa3 Qe7 14. Rxd5 b6 15. Bc1 Bb7
16. c6 Qxa3 17. Bxa3 Bxc6 18. Rd4 Rfc8 $44 {1/2-1/2 Nikolic,P-Kramnik,V/Monte
Carlo 1997 (57)}) 9. Bd2 $1 {Ein typischer Rückzug. Schwarz muß jetzt mit
isoliertem Bauern spielen.} O-O (9... Qxc5 10. a3 Bxc3 11. Bxc3 Qc6 12. Qh4 Qb6
13. e3 O-O 14. Be2 Re8 15. h3 Ne4 16. Bd4 Qd6 17. O-O Nf8 18. Rfd1 Bd7 19. Bd3
Ng6 20. Qh5 Ba4 21. Rdc1 h6 22. Nh4 Ne5 23. Nf5 Qe6 24. Bxe4 dxe4 25. Rc5 Qg6
26. Qxg6 fxg6 27. Nd6 Nd7 28. Rc7 Re7 29. Nxb7 Rf8 {1-0 Uhlmann,W-Heyken,E/BL
9091 (29)}) (9... Bxc3 10. Qxa5 Bxa5 11. Bxa5 Nxc5 12. Rc1 $14 {[%csl Gc1,Rd5]
Weiß hat den klassischen Vorteil der Variante erreicht. Schwarz hat nichts
besonderes für den isolierten Bauern, Weiß damit stets das etwas bessere
Endspiel.}) (9... Qxa4 10. Nxa4 Bxd2+ 11. Nxd2 $14) 10. Qxa5 Bxa5 11. Rc1 (11.
Na4 Bc7 $5 (11... Bxd2+ 12. Nxd2 {Es ist dieselbe Stellung entstanden wie in
der Variante nach 9...Qxa4.} Ne5 $14 {[%csl Ra4] Ich bin nicht überzeugt, ob
die bessere Entwicklung und etwas Gegenspiel genügend Kompensation für Schwarz
darstellt.} (12... b5 13. cxb6 axb6 {[%csl Ra4]})) 12. Bc3 Ne4 $44 {[%csl Ra4,
Rc5,Ge4]}) 11... Nxc5 {Dieser Zug verliert letztlich einen Bauern, aber
Schwarz hat nichts besseres.} 12. Nxd5 {[%cal Rc1c5]} Bxd2+ 13. Nxd2 Nxd5 (
13... Nd3+ 14. exd3 {[%csl Rd3]} Nxd5 15. Ne4 $14 {Die weiße Bauernschwäche
auf d3 ist ein Mehrbauer.}) 14. Rxc5 Be6 {Schwarz hat einen Bauern weniger,
ist aber gut entwickelt, während die weiße Bauernmehrheit am Königsflügel
schwierig zu verwerten ist.} (14... Nb4 15. a3 $16) 15. e4 (15. e3 Rac8 16.
Rxc8 Rxc8 17. Kd1 $14) 15... Nb6 16. b3 {[%csl Rb6] Das ist die beste
Bauernaufstellung. Die schwarzen Leichtfiguren sind in ihrer Beweglichkeit
eingeschränkt.} (16. a3 Rac8 17. Rxc8 Rxc8 $132 {[%csl Rb2][%cal Gb6a4,Rc8c1]})
16... Nd7 (16... a5 17. Bd3 a4 18. Ke2 $14 {[%csl Rb6][%cal Gc5b5]}) 17. Rc3
Rac8 18. Rxc8 Rxc8 {[%cal Rc8c1]} 19. Kd1 {Weiß muß vorsichtig sein, zunächst
die Entwicklung abschließen, alles decken und erst dann an die Verwertung des
Materialvorteils gehen.} Ne5 (19... a5 20. Bc4 Bxc4 21. Nxc4 {[%csl Gc4]}) 20.
Be2 g5 $5 {[%csl Ge5,Gg5] Schwarz läßt 21.f4 nicht zu und festigt seine
Springerstellung.} 21. h4 $5 (21. g3 g4 22. h3 h5 {[%csl Ge5,Gg4]}) 21... h6 (
21... g4 22. f4 gxf3 23. gxf3 $14 {[%cal Gf3f4]}) (21... gxh4 22. f4 $16) 22.
hxg5 hxg5 23. Nb1 (23. Rh5 $6 {[%csl Rh5]} f6 $14) 23... Kg7 (23... Rd8+ 24.
Kc2) 24. Kd2 Rd8+ 25. Ke3 Rc8 {[%cal Rc8c2]} 26. Kd2 {Weiß läßt den Turm nicht
nach c2 eindringen.} Rd8+ 27. Kc3 Kf6 (27... Rc8+ 28. Kb2 $14 (28. Kd4 $1 Rd8+
29. Kc3 (29. Ke3) (29. Kxe5 $2 Bc8 {[%csl Re5] und Weiß muß den Turm geben,
denn sein König befindet sich im Mattnetz.} 30. Rh7+ Kxh7 $17))) 28. Rd1 Rh8 {
[%cal Gh8h1]} (28... Rxd1 29. Bxd1 $14) 29. Kd2 Rh2 {[%csl Rg2,Gh2]} 30. Rg1
Nc6 {[%csl Yd4] Der schwarze Druck ist unangenehm, aber Weiß kann die
Drohungen parieren.} 31. Ke3 Nb4 (31... Ke5 32. Nd2 {[%cal Rd2f3,Rf3e5,Rf3h2]}
g4 33. f4+ $16 gxf3 $2 34. Nxf3+ {[%cal Rf3h2,Rf3e5]}) 32. Nc3 Ke5 {[%csl Ge5]}
33. Bd3 a6 (33... Nxd3 $5 34. Kxd3 f5 $14) 34. Bb1 {Jetzt ist alles verteidigt
und Weiß beabsichtigt, Ne2-f3-g3-f4 zu spielen, um seine Bauernmehrheit am
Königsflügel zu mobilisieren.} Nc6 35. Ne2 Kf6 (35... Rh8 36. f3 $14) 36. Nd4
Nxd4 $6 {Auf diese Weise wird der weiße König sehr aktiv.} (36... Ne5 37. Nf3 {
Und Weiß kann endlich, wie auch in der Partie, die Springer tauschen.} (37. f3)
(37. Nxe6 Kxe6 $14)) 37. Kxd4 g4 38. e5+ Kg5 (38... Ke7 39. Be4 b5 40. Rc1 $16
{[%csl Gc1,Gd4,Ge4,Ge5,Rh2][%cal Ge4g2,Gc1c7]}) 39. Be4 {[%csl Ge4] Weiß
befreit seinen Turm von der Verteidigung des Bauern g2, sodaß jetzt auch der
schwarze Turm auf h2 überflüssig steht.} b5 40. Rc1 Rh8 41. Rc6 $16 {Weiß
aktiviert alle Figuren und Schwarz hat wenig Gegenspiel. Die Verwertung des
Materialvorteils ist aber noch gar nicht leicht.} a5 (41... Bc8 42. Rc7 $16)
42. Ra6 Rd8+ (42... Kf4 43. g3+ Kg5 44. Rxa5 $16) 43. Ke3 Rd1 44. Rxa5 {
Weiß konnte einen zweiten Bauern gewinnen, aber Schwarz hat Gegenspiel.} Re1+
45. Kd3 b4 (45... Kf4 46. g3+ Kxe5 47. Rxb5+ $16) 46. Ra4 {[%csl Rb4]} Ra1 {
[%csl Ga1]} (46... Rf1 47. Ke2) 47. g3 (47. Rxb4 Rxa2 $14 {[%csl Ga2,Rb3,Rf2,
Rg2] Der schwarze Turm steht ausgezeichnet auf a2.}) 47... Rd1+ (47... Bf5 48.
Bxf5 Kxf5 49. Rxb4 Rxa2 50. Rf4+ Kxe5 51. Rxf7 $16 {Weiß kann im folgenden 52.
Rf4 spielen, denn auch der g4-Bauer ist schwach.}) 48. Ke3 (48. Ke2 Ra1) 48...
Re1+ 49. Kd3 Rd1+ (49... Ra1 50. Kd4 {[%cal Rd4c5,Rc5b4]}) 50. Ke3 Re1+ 51. Kd4
Re2 (51... Ra1 52. Kc5) (51... Rf1 52. Rxb4 Rxf2 53. a4 $16) 52. f3 $1 {
Weiß tauscht seinen schwachen f-Bauern und plant, den schwarzen b-Bauern mit
dem König anzugreifen.} (52. Rxb4 $6 Rxa2 $14) 52... gxf3 53. Bxf3 Rf2 54. Bb7
{[%csl Gg3][%cal Gb7g2]} Kf5 (54... Rd2+ 55. Kc5 $18 {[%csl Rb4]} (55. Ke3 Rh2)
) (54... Kg4 55. Kc5 Kxg3 56. Kxb4 $18 {[%csl Ga2,Gb3]}) 55. Kc5 Kxe5 56. Kxb4
$18 {Schwarz ist ohne Rettungschancen gegen die beiden weißen Freibauern am
Damenflügel.} Rf1 (56... Rh2 57. Ra8 Rh3 58. Rg8 $18) 57. Ra5+ Kd6 (57... Kd4
58. Rc5 Rg1 59. Rc3 $18 {[%csl Ga2,Gb3]}) 58. Rc5 f5 59. Rc6+ Ke5 60. Rc3 {
Schwarz ist hilflos gegen die verbundenen weißen Bauern.} Kd4 61. a4 {[%cal
Ra4a5,Ra5a6,Ra6a7,Ra7a8]} 1-0